UBT Library

THE CHALLENGER SALE (Record no. 60582)

000 -LEADER
fixed length control field 00322nam a22001457a 4500
008 - FIXED-LENGTH DATA ELEMENTS--GENERAL INFORMATION
fixed length control field 240205b ||||| |||| 00| 0 eng d
020 ## - INTERNATIONAL STANDARD BOOK NUMBER
International Standard Book Number 9781591844358
041 ## - LANGUAGE CODE
Language code of text/sound track or separate title eng
080 ## - UNIVERSAL DECIMAL CLASSIFICATION NUMBER
Edition identifier 2011
Universal Decimal Classification number 37
082 ## - DEWEY DECIMAL CLASSIFICATION NUMBER
Classification number 37DIX
100 ## - Rafti
Rafti 23
101 ## - Shkurtesa
Shkurtesa EDUKIM
245 ## - TITLE STATEMENT
Title THE CHALLENGER SALE
Statement of responsibility, etc MATTHEW DIXON
942 ## - ADDED ENTRY ELEMENTS (KOHA)
Source of classification or shelving scheme
Item type Books

No items available.

UBT Library © 2015-2024. All rights reserved University Education for Business and Technology